Παθολογία πολιτευμάτων στην αρχαιότητα
Αποθηκεύτηκε σε:
| Κύριος συγγραφέας: | |
|---|---|
| Μορφή: | Βιβλίο |
| Γλώσσα: | Greek |
| Δημοσίευση: |
Αθήνα :
Καρδαμίτσας,
1990
|
| Θέματα: | |
| Ετικέτες: |
Προσθήκη ετικέτας
Δεν υπάρχουν, Καταχωρήστε ετικέτα πρώτοι!
|
MARC
| LEADER | 00000nam a2200000 i 4500 | ||
|---|---|---|---|
| 001 | 1/97435 | ||
| 008 | 950216s1990 gre d | ||
| 035 | |l 10010554 | ||
| 040 | |a GR-MY-UA |b gre |e aacr | ||
| 041 | 0 | |a gre | |
| 082 | 0 | |a 938.106 | |
| 100 | 1 | |a Μικρογιαννάκης, Εμμανουήλ |d 1935- | |
| 245 | 1 | 0 | |a Παθολογία πολιτευμάτων στην αρχαιότητα / |c Εμμανουήλ Μικρογιαννάκης |
| 260 | |a Αθήνα : |b Καρδαμίτσας, |c 1990 | ||
| 300 | |a 232 σ. | ||
| 651 | 0 | |a Greece |x History |y To 146 B.C. | |
| 651 | 0 | |a Greece |x Politics and government |y To 146 B.C. | |
| 852 | |a INST |b LESVOS |e 19950216 |h 938.106 ΜΙΚ |p 005100002918 |q 005100002918 |t BK |y 0 | ||
| 909 | |a Λ |b 019494 | ||
| 922 | |a 1ΕΛΗ |b 199103 |c ΠΠ/136 | ||